[Event "SportAccord Blitz Women 2012"]
[Site "Beijing CHN"]
[Date "2012.12.16"]
[Round "1.1"]
[White "Koneru, Humpy"]
[Black "Zhao, Xue"]
[Result "1/2-1/2"]
[WhiteTitle "GM"]
[BlackTitle "GM"]
[WhiteElo "2610"]
[BlackElo "2565"]
[WhiteFideId "5008123"]
[BlackFideId "8601283"]
[EventDate "2012.12.16"]

1. d4 e6 2. Nf3 Nf6 3. e3 b6 4. Bd3 d5 5. O-O Bd6 6. c4 O-O 7. Nbd2 Bb7 8. Qc2
Nbd7 9. e4 dxe4 10. Nxe4 Nxe4 11. Bxe4 Bxe4 12. Qxe4 c5 13. Bg5 Be7 14. Bxe7
Qxe7 15. Rad1 Nf6 16. Qe3 cxd4 17. Rxd4 Rfd8 18. Rfd1 Rxd4 19. Qxd4 Rc8 20. Ne5
h6 21. h3 Qc7 22. b3 Qb7 23. Rd3 Qa6 24. a4 Qa5 25. Qe3 Qb4 26. Nd7 Ne8 27. Qe4
Qe7 28. Ne5 Nf6 29. Qd4 Qb4 30. Kh2 Qe7 31. Ng4 Nxg4+ 32. hxg4 Qc7+ 33. Kg1 Qc5
34. Qf4 Qc7 35. Qd2 Qe5 36. Rd4 Rf8 37. g3 Qc5 38. Rd7 a5 39. Qd6 Qxd6 40. Rxd6
Rb8 41. Kg2 Kf8 42. Rd7 Rc8 43. Kf3 Ke8 44. Rb7 Rc6 45. Ke3 Rd6 46. Ke2 Kf8 47.
Ke3 g6 48. Ke2 Kg7 49. Ra7 Kf6 50. c5 bxc5 51. Rxa5 Rd5 52. Rb5 Ke5 53. Rb7 f5
54. gxf5 gxf5 55. Rh7 Rd4 56. Rb7 Rd8 57. Rb5 Kd6 58. Ke3 Kc6 59. Kf3 Rd3+ 60.
Ke2 Rd8 61. Ke3 Rg8 62. Kf3 h5 63. Ke3 h4 64. gxh4 Rh8 65. h5 Rxh5 66. Rb8 Rh3+
67. f3 Rh4 68. Re8 Kd7 69. Rb8 Kc7 70. Re8 Kd7 71. Rb8 Rh1 72. Rb6 Rb1 73. Kd3
Rf1 74. Ke2 Rb1 75. Kd3 Rf1 76. Ke2 Rb1 77. Kd3 Rf1 1/2-1/2

[Event "SportAccord Blitz Women 2012"]
[Site "Beijing CHN"]
[Date "2012.12.16"]
[Round "1.2"]
[White "Paehtz, Elisabeth"]
[Black "Socko, Monika"]
[Result "1-0"]
[WhiteTitle "IM"]
[BlackTitle "GM"]
[WhiteElo "2482"]
[BlackElo "2445"]
[WhiteFideId "4641833"]
[BlackFideId "1106619"]
[EventDate "2012.12.16"]

1. e4 e6 2. d4 d5 3. Nc3 Bb4 4. Ne2 dxe4 5. a3 Be7 6. Nxe4 Nf6 7. Nxf6+ Bxf6 8.
Be3 O-O 9. Qd2 b6 10. O-O-O Bb7 11. Rg1 Nd7 12. g4 Qc8 13. g5 Be7 14. Nc3 c5 15.
d5 Ne5 16. Be2 Rd8 17. f4 exd5 18. fxe5 d4 19. Bc4 dxc3 20. Qxc3 Rxd1+ 21. Rxd1
Qg4 22. Rg1 Qh3 23. Kb1 Rd8 24. Qb3 Kh8 25. Bxf7 Be4 26. g6 Qxh2 27. gxh7 Rf8
28. e6 Rd8 29. Qc3 Qxh7 30. Bf4 Bf6 31. Be5 Bxc2+ 32. Ka2 Rd3 33. e7 Bxe7 34.
Bxg7+ Qxg7 35. Qxg7# 1-0

[Event "SportAccord Blitz Women 2012"]
[Site "Beijing CHN"]
[Date "2012.12.16"]
[Round "1.3"]
[White "Harika, Dronavalli"]
[Black "Muzychuk, Anna"]
[Result "0-1"]
[WhiteTitle "GM"]
[BlackTitle "GM"]
[WhiteElo "2512"]
[BlackElo "2586"]
[WhiteFideId "5015197"]
[BlackFideId "14111330"]
[EventDate "2012.12.16"]

1. Nf3 c5 2. d4 cxd4 3. Nxd4 d5 4. g3 e5 5. Nb3 Nc6 6. Bg2 Be6 7. O-O Be7 8. f4
exf4 9. Bxf4 Nf6 10. Nc3 O-O 11. Kh1 Rc8 12. Nb5 Ne4 13. N5d4 Nxd4 14. Nxd4 Qb6
15. Rb1 Bf6 16. c3 Bxd4 17. Qxd4 Qxd4 18. cxd4 Rc2 19. Bf3 Rfc8 20. Rfc1 g5 21.
Bxe4 dxe4 22. Bxg5 Bxa2 23. Rxc2 Rxc2 24. Rc1 Rxe2 25. Bf6 h5 26. Rc5 Kh7 27.
Rg5 e3 28. Kg1 Re1+ 29. Kg2 Bc4 30. b3 e2 31. Re5 Rf1 32. bxc4 e1=Q 33. Rxe1
Rxe1 34. d5 Kg6 35. Bh4 Rd1 36. Be7 f5 37. Kf3 Rd4 38. d6 Kf7 39. c5 Rd5 40. Ke3
a5 41. Bd8 a4 42. Ba5 a3 43. Bc3 Ke6 44. h3 0-1

[Event "SportAccord Blitz Women 2012"]
[Site "Beijing CHN"]
[Date "2012.12.16"]
[Round "1.4"]
[White "Cramling, Pia"]
[Black "Cmilyte, Viktorija"]
[Result "1/2-1/2"]
[WhiteTitle "GM"]
[BlackTitle "GM"]
[WhiteElo "2516"]
[BlackElo "2524"]
[WhiteFideId "1700030"]
[BlackFideId "12801259"]
[EventDate "2012.12.16"]

1. d4 Nf6 2. c4 g6 3. Nc3 d5 4. Bf4 Bg7 5. Rc1 O-O 6. e3 Be6 7. Qb3 c5 8. Nf3
dxc4 9. Bxc4 Bxc4 10. Qxc4 cxd4 11. Nxd4 Nbd7 12. Bg3 a6 13. O-O Rc8 14. Qe2 Nh5
15. Bh4 Nhf6 16. Rfd1 Qa5 17. h3 Ne5 18. Nb3 Qb4 19. Bxf6 exf6 20. Nd5 Qd6 21.
Nf4 Qe7 22. Nd5 Qd6 23. Nf4 Qe7 24. Nd5 Qd6 25. Nf4 1/2-1/2

[Event "SportAccord Blitz Women 2012"]
[Site "Beijing CHN"]
[Date "2012.12.16"]
[Round "1.5"]
[White "Lahno, Kateryna"]
[Black "Danielian, Elina"]
[Result "1/2-1/2"]
[WhiteTitle "GM"]
[BlackTitle "GM"]
[WhiteElo "2553"]
[BlackElo "2476"]
[WhiteFideId "14109336"]
[BlackFideId "13300210"]
[EventDate "2012.12.16"]

1. e4 c6 2. c4 e5 3. Nf3 d6 4. d4 Bg4 5. Be2 Nd7 6. Nc3 Ngf6 7. O-O Be7 8. Be3
O-O 9. h3 Bxf3 10. Bxf3 exd4 11. Bxd4 Qc7 12. Qc2 Rfe8 13. Be2 Bf8 14. f4 a5 15.
Bf3 Rad8 16. Rae1 b5 17. b3 bxc4 18. bxc4 Rb8 19. a3 g6 20. c5 dxc5 21. Bf2 Bg7
22. e5 Nd5 23. Nxd5 cxd5 24. Bxd5 Nb6 25. Bc4 Bf8 26. e6 Nxc4 27. Qxc4 fxe6 28.
Re4 Qc6 29. Rfe1 Qb5 30. Qc1 c4 31. Rxc4 Bd6 32. Rce4 Rbc8 33. Qd1 Bxa3 34. Qg4
Bc5 35. Bxc5 Qxc5+ 36. Kh2 Qf5 37. Qe2 Rc6 38. Rf1 a4 39. Rxa4 Rc2 40. Qf3 Qd5
41. Re4 Rf8 42. Rfe1 Qc6 43. Qg3 Ra2 44. Rxe6 Qc2 45. R6e3 Rxf4 46. Re8+ Rf8 47.
Rxf8+ Kxf8 48. Qf3+ Kg7 49. Re7+ Kh6 50. Qf4+ g5 51. Qf6+ Qg6 52. Qf8+ Kh5 53.
Qf3+ Kh6 54. Qf8+ Kh5 55. Rg7 Rf2 56. Rxh7+ Qxh7 57. Qf3+ Kg6 58. Qg3 1/2-1/2

[Event "SportAccord Blitz Women 2012"]
[Site "Beijing CHN"]
[Date "2012.12.16"]
[Round "1.8"]
[White "Khotenashvili, Bela"]
[Black "Zatonskih, Anna"]
[Result "1-0"]
[WhiteTitle "IM"]
[BlackTitle "IM"]
[WhiteElo "2504"]
[BlackElo "2489"]
[WhiteFideId "13602640"]
[BlackFideId "14101572"]
[EventDate "2012.12.16"]

1. Nf3 d5 2. c4 d4 3. e3 c5 4. b4 dxe3 5. fxe3 cxb4 6. d4 e6 7. Nbd2 Nc6 8. Bd3
g6 9. O-O Bg7 10. a3 bxa3 11. Bxa3 Nge7 12. Ne4 O-O 13. Nfg5 f6 14. Nf3 Kh8 15.
Rb1 Rg8 16. Kh1 Nf5 17. Qe2 b6 18. Nc3 Ba6 19. d5 exd5 20. cxd5 Bxd3 21. Qxd3
Ne5 22. Nxe5 fxe5 23. e4 Nd4 24. Rf7 Qh4 25. Rbf1 a5 26. Be7 Qh5 27. Nb5 Nxb5
28. Qxb5 Qe2 29. Qxe2 1-0

[Event "SportAccord Blitz Women 2012"]
[Site "Beijing CHN"]
[Date "2012.12.16"]
[Round "2.1"]
[White "Zhao, Xue"]
[Black "Zatonskih, Anna"]
[Result "1-0"]
[WhiteTitle "GM"]
[BlackTitle "IM"]
[WhiteElo "2565"]
[BlackElo "2489"]
[WhiteFideId "8601283"]
[BlackFideId "14101572"]
[EventDate "2012.12.16"]

1. c4 e5 2. Nf3 Nc6 3. Nc3 Nf6 4. d3 d5 5. cxd5 Nxd5 6. e4 Nb6 7. h3 Be6 8. Be2
f6 9. O-O Qd7 10. a4 Bb4 11. Be3 g5 12. d4 exd4 13. Nxd4 Nxd4 14. Bxd4 O-O 15.
a5 Nc4 16. Nd5 Bxd5 17. exd5 Ne5 18. Qb3 Bd6 19. Qxb7 Ng6 20. Qc6 Qxc6 21. dxc6 1-0

[Event "SportAccord Blitz Women 2012"]
[Site "Beijing CHN"]
[Date "2012.12.16"]
[Round "2.2"]
[White "Hou, Yifan"]
[Black "Khotenashvili, Bela"]
[Result "0-1"]
[WhiteTitle "GM"]
[BlackTitle "IM"]
[WhiteElo "2606"]
[BlackElo "2504"]
[WhiteFideId "8602980"]
[BlackFideId "13602640"]
[EventDate "2012.12.16"]

1. e4 c6 2. d4 d5 3. Nc3 dxe4 4. Nxe4 Bf5 5. Ng3 Bg6 6. h4 h6 7. Nf3 Nd7 8. h5
Bh7 9. Bd3 Bxd3 10. Qxd3 e6 11. Bd2 Qc7 12. O-O-O Ngf6 13. Ne4 Nxe4 14. Qxe4 Nf6
15. Qe2 O-O-O 16. g3 Bd6 17. Kb1 Rd7 18. c4 c5 19. Bc3 cxd4 20. Nxd4 a6 21. Nb3
Qc6 22. Rhe1 Rhd8 23. Nd4 Qc5 24. g4 Bf4 25. b4 Qc7 26. f3 Kb8 27. Bb2 e5 28.
Nf5 Rxd1+ 29. Rxd1 Rxd1+ 30. Qxd1 Qxc4 31. Nxg7 Nd5 32. Nf5 Nxb4 33. Qd6+ Ka7
34. Bd4+ exd4 35. Qxd4+ Qxd4 36. Nxd4 Nd3 37. Kc2 Ne5 38. Kc3 Kb6 39. Kb4 Nc6+
40. Nxc6 Kxc6 0-1

[Event "SportAccord Blitz Women 2012"]
[Site "Beijing CHN"]
[Date "2012.12.16"]
[Round "2.5"]
[White "Cmilyte, Viktorija"]
[Black "Lahno, Kateryna"]
[Result "1-0"]
[WhiteTitle "GM"]
[BlackTitle "GM"]
[WhiteElo "2524"]
[BlackElo "2553"]
[WhiteFideId "12801259"]
[BlackFideId "14109336"]
[EventDate "2012.12.16"]

1. c4 g6 2. e4 e5 3. d4 Nf6 4. Nf3 exd4 5. e5 Ne4 6. Qxd4 Bb4+ 7. Nc3 Nxc3 8.
bxc3 Nc6 9. Qd3 Be7 10. Bh6 d6 11. exd6 Qxd6 12. Qxd6 Bxd6 13. Bd3 Be6 14. Rb1
O-O-O 15. Nd4 Ne5 16. Be4 Bxc4 17. Bxb7+ Kd7 18. f4 Nd3+ 19. Kd2 Bxf4+ 20. Bxf4
Nxf4 21. Rhe1 Ne6 22. Bc6+ Kd6 23. Bf3 Kc5 24. Re5+ Kd6 25. Ra5 a6 26. Nc6 Rde8
27. Kc2 Ng5 28. Rxg5 f5 29. Rd1+ Kc5 30. Nb4 a5 31. Nd3+ Kb6 32. Rb1+ Ka7 33.
Rb7+ 1-0

[Event "SportAccord Blitz Women 2012"]
[Site "Beijing CHN"]
[Date "2012.12.16"]
[Round "2.6"]
[White "Muzychuk, Anna"]
[Black "Cramling, Pia"]
[Result "1-0"]
[WhiteTitle "GM"]
[BlackTitle "GM"]
[WhiteElo "2586"]
[BlackElo "2516"]
[WhiteFideId "14111330"]
[BlackFideId "1700030"]
[EventDate "2012.12.16"]

1. e4 c5 2. Nf3 e6 3. d4 cxd4 4. Nxd4 a6 5. Nc3 Qc7 6. Bd3 Bc5 7. Nb3 Be7 8. O-O
d6 9. a4 b6 10. Be3 Nd7 11. Qg4 g6 12. f4 Ngf6 13. Qh3 h5 14. Rae1 Bb7 15. Bd2
Rc8 16. Kh1 Ng4 17. Qg3 Qd8 18. Qf3 Qc7 19. h3 Nc5 20. Nxc5 Qxc5 21. Nd1 Bf6 22.
b4 Qc7 23. Ne3 Nxe3 24. Qxe3 Bg7 25. Qg3 Qd8 26. f5 Be5 27. Qf2 Qc7 28. Re2 Rb8
29. Bg5 Bc8 30. Be3 b5 31. axb5 axb5 32. Ba7 Rb7 33. Bd4 Bxd4 34. Qxd4 e5 35.
Qe3 gxf5 36. exf5 f6 37. Qg3 d5 38. Ree1 Qf7 39. c3 Rg8 40. Qf3 Bd7 41. Bc2 Bc6
42. Bd1 Rd7 43. Qxh5 Qxh5 44. Bxh5+ Kf8 45. Ra1 Ke7 46. Bg6 Rh8 47. Kg1 Rh4 48.
Ra6 Kd6 49. Be8 Rc7 50. Rf3 Rc4 51. Rg3 Ke7 52. Rg7+ Kd6 53. Rxc7 Kxc7 54. Rxc6+
Rxc6 55. Bxc6 Kxc6 56. h4 Kd7 57. Kf2 Ke7 58. g4 Kf7 59. g5 Kg7 60. Kg3 Kf7 61.
Kg4 Kg7 62. h5 Kh7 63. gxf6 Kh6 64. Kh4 Kh7 65. Kg5 e4 66. Kf4 Kh6 67. Kg4 Kh7
68. Kg5 e3 69. h6 e2 70. f7 e1=Q 71. f8=Q Qg3+ 72. Kf6 Qxc3+ 73. Ke6 Qe3+ 74.
Kxd5 Qd3+ 1-0

[Event "SportAccord Blitz Women 2012"]
[Site "Beijing CHN"]
[Date "2012.12.16"]
[Round "2.7"]
[White "Socko, Monika"]
[Black "Harika, Dronavalli"]
[Result "0-1"]
[WhiteTitle "GM"]
[BlackTitle "GM"]
[WhiteElo "2445"]
[BlackElo "2512"]
[WhiteFideId "1106619"]
[BlackFideId "5015197"]
[EventDate "2012.12.16"]

1. d4 d5 2. c4 e6 3. Nc3 Bb4 4. Nf3 Nf6 5. Qa4+ Nc6 6. Qc2 O-O 7. e3 dxc4 8.
Bxc4 a6 9. O-O Bd6 10. a4 h6 11. e4 e5 12. d5 Ne7 13. Ne1 Ng6 14. Be2 Bg4 15. f3
Bd7 16. Be3 Nh5 17. Nd3 Nhf4 18. Nxf4 Nxf4 19. Bxf4 exf4 20. Kh1 Be5 21. Bd3 Qf6
22. Rac1 g5 23. Nd1 h5 24. b4 Kg7 25. b5 g4 26. fxg4 hxg4 27. Ne3 Rh8 28. g3 f3
29. Qf2 Rh3 30. Rfd1 Bxg3 31. e5 Qxe5 32. Nc4 Qf6 33. Qxg3 Rxg3 34. hxg3 Rh8+
35. Kg1 Qd4+ 0-1

[Event "SportAccord Blitz Women 2012"]
[Site "Beijing CHN"]
[Date "2012.12.16"]
[Round "2.8"]
[White "Koneru, Humpy"]
[Black "Paehtz, Elisabeth"]
[Result "0-1"]
[WhiteTitle "GM"]
[BlackTitle "IM"]
[WhiteElo "2610"]
[BlackElo "2482"]
[WhiteFideId "5008123"]
[BlackFideId "4641833"]
[EventDate "2012.12.16"]

1. d4 g6 2. c4 Bg7 3. g3 d6 4. Bg2 Nf6 5. Nf3 O-O 6. O-O Nc6 7. Nc3 a6 8. Bf4 e6
9. Rc1 Ne7 10. e4 h6 11. Qd2 g5 12. Be3 Ng4 13. h3 Nxe3 14. Qxe3 f5 15. exf5
Nxf5 16. Qd3 Rb8 17. a4 Bd7 18. Rfe1 Qf6 19. Rcd1 Qf7 20. b3 a5 21. Re2 b6 22.
Nb5 Rbc8 23. Na7 Rce8 24. Nb5 Bc8 25. Rde1 Re7 26. Nh2 Ba6 27. Nf3 Qf6 28. Rd1
Ref7 29. Rdd2 Bc8 30. Nc3 Qg6 31. Rd1 Kh7 32. Ne4 Kh8 33. Nc3 Ne7 34. Qxg6 Nxg6
35. Ne1 Ne7 36. Nc2 Nf5 37. Bc6 Ne7 38. Bg2 Bd7 39. Nb5 Bxb5 40. cxb5 e5 41.
dxe5 Bxe5 42. Ne3 Nf5 43. Nxf5 Rxf5 44. Be4 R5f7 45. Kg2 Kg7 46. Rc2 Re8 47. Bc6
Ree7 48. Bd5 Rf8 49. Rdc1 Bd4 50. f3 Bc5 51. Be4 Re5 52. Rd1 Rfe8 53. Kf1 Rf8
54. Re2 Rf6 55. Bd5 Rff5 56. Rxe5 Rxe5 57. Be4 Kf6 58. Rd5 Rxd5 59. Bxd5 Ke5 60.
Be4 d5 61. Bc2 Kd4 62. Ke2 Kc3 63. Kd1 d4 64. Kc1 d3 65. Bd1 Be3+ 66. Kb1 Kd2 0-1

[Event "SportAccord Blitz Women 2012"]
[Site "Beijing CHN"]
[Date "2012.12.16"]
[Round "3.1"]
[White "Paehtz, Elisabeth"]
[Black "Zhao, Xue"]
[Result "1-0"]
[WhiteTitle "IM"]
[BlackTitle "GM"]
[WhiteElo "2482"]
[BlackElo "2565"]
[WhiteFideId "4641833"]
[BlackFideId "8601283"]
[EventDate "2012.12.16"]

1. e4 Nf6 2. e5 Nd5 3. d4 d6 4. c4 Nb6 5. exd6 exd6 6. Nc3 Be7 7. Bd3 Nc6 8.
Nge2 O-O 9. Be3 Nb4 10. b3 Nxd3+ 11. Qxd3 Bg4 12. f3 Bh4+ 13. Kd2 Bd7 14. g3 Be7
15. d5 Re8 16. Bd4 c5 17. Be3 Bf6 18. Rae1 Nc8 19. g4 Bh4 20. Ng3 f5 21. gxf5
Ne7 22. f6 Bxf6 23. Nge4 Be5 24. f4 Bxc3+ 25. Kxc3 Bf5 26. Bd2 Qd7 27. Qg3 Ng6
28. Ng5 b5 29. cxb5 Qxb5 30. Kb2 c4 31. Bc3 Qxd5 32. h4 h5 33. Qf2 cxb3 34. a3
a5 35. Rd1 Qc6 36. Rd2 a4 37. Qd4 Re7 38. Re1 Rae8 39. Red1 Rd7 40. Qb4 d5 41.
Qd4 Red8 42. Nf3 Qc4 43. Qb6 Qe4 44. Nd4 Bg4 45. Rc1 Nxf4 46. Nc6 Re8 47. Nb4 d4
48. Rxd4 Qe2+ 49. Ka1 Rxd4 50. Qxd4 Qe7 51. Bb2 Ne6 52. Qe5 Qf7 53. Re1 Rd8 54.
Qe3 Qg6 55. Qc3 Rf8 56. Nd5 Kh7 57. Ne7 Qf7 58. Nd5 Qd7 59. Nb6 Qb7 60. Nc4 Rc8
61. Qd3+ 1-0

[Event "SportAccord Blitz Women 2012"]
[Site "Beijing CHN"]
[Date "2012.12.16"]
[Round "3.2"]
[White "Harika, Dronavalli"]
[Black "Koneru, Humpy"]
[Result "1/2-1/2"]
[WhiteTitle "GM"]
[BlackTitle "GM"]
[WhiteElo "2512"]
[BlackElo "2610"]
[WhiteFideId "5015197"]
[BlackFideId "5008123"]
[EventDate "2012.12.16"]

1. Nf3 Nf6 2. c4 e6 3. g3 d5 4. Bg2 Be7 5. O-O O-O 6. d4 dxc4 7. Qa4 a6 8. Qxc4
b5 9. Qc2 Bb7 10. Bf4 Nc6 11. Rd1 Nb4 12. Qc1 Rc8 13. Nc3 Nbd5 14. Nxd5 Bxd5 15.
Ne5 Bxg2 16. Kxg2 Qd5+ 17. f3 c5 18. dxc5 Qxc5 19. Qxc5 Rxc5 20. Rac1 Rfc8 21.
Rxc5 Rxc5 22. Rc1 Nd5 23. Rxc5 Bxc5 24. Nd3 Bb6 25. e4 Ne7 26. Nb4 a5 27. Nc2
Nc6 28. Kf1 Kf8 29. Ke2 Ke7 30. Be3 Bxe3 31. Kxe3 Kd6 32. f4 h5 33. h3 Kc5 34.
g4 hxg4 35. hxg4 f6 36. Kd3 g5 37. Ke3 gxf4+ 38. Kxf4 Ne5 39. g5 Ng6+ 40. Kg4
Ne5+ 41. Kf4 Ng6+ 42. Kg4 Ne5+ 1/2-1/2

[Event "SportAccord Blitz Women 2012"]
[Site "Beijing CHN"]
[Date "2012.12.16"]
[Round "3.3"]
[White "Cramling, Pia"]
[Black "Socko, Monika"]
[Result "1/2-1/2"]
[WhiteTitle "GM"]
[BlackTitle "GM"]
[WhiteElo "2516"]
[BlackElo "2445"]
[WhiteFideId "1700030"]
[BlackFideId "1106619"]
[EventDate "2012.12.16"]

1. d4 Nf6 2. Nf3 e6 3. c4 b6 4. a3 Bb7 5. Nc3 d5 6. Bg5 Be7 7. e3 O-O 8. Rc1
Nbd7 9. cxd5 exd5 10. Bd3 c5 11. O-O Ne4 12. Bxe7 Qxe7 13. dxc5 Ndxc5 14. Bb1
Rac8 15. Nd4 Rfd8 16. h3 Qe5 17. Qe2 g6 18. Rfd1 Kg7 19. Nf3 Qf6 20. Nd4 Qe5 21.
Nf3 Qf6 22. Nd4 Nxc3 23. Rxc3 Ne4 24. Rxc8 Rxc8 25. Ba2 Rc5 26. Bb3 Bc8 27. Qf3
Qe5 28. Qf4 Qxf4 29. exf4 f5 30. f3 Nd6 31. Kf2 Kf6 32. Ne2 Be6 33. Nd4 Bf7 34.
Rd2 Rc1 35. g4 h6 36. Re2 Rc8 37. Rd2 Rc7 38. Re2 Rc8 39. Rc2 Rc7 40. Re2 Rc8
41. Rd2 1/2-1/2

[Event "SportAccord Blitz Women 2012"]
[Site "Beijing CHN"]
[Date "2012.12.16"]
[Round "3.4"]
[White "Lahno, Kateryna"]
[Black "Muzychuk, Anna"]
[Result "1/2-1/2"]
[WhiteTitle "GM"]
[BlackTitle "GM"]
[WhiteElo "2553"]
[BlackElo "2586"]
[WhiteFideId "14109336"]
[BlackFideId "14111330"]
[EventDate "2012.12.16"]

1. e4 c5 2. Nf3 e6 3. d4 cxd4 4. Nxd4 Nf6 5. Nc3 Nc6 6. Ndb5 Bc5 7. Nd6+ Ke7 8.
Nxc8+ Rxc8 9. Be2 a6 10. O-O h6 11. a3 Qc7 12. Qd3 Qd6 13. Qh3 g5 14. Rd1 Qc7
15. Be3 Ne5 16. Qg3 Ng6 17. Bxc5+ Qxc5 18. Rd2 h5 19. Rad1 h4 20. Qd3 Ne5 21.
Qd4 Qxd4 22. Rxd4 Rc7 23. g3 hxg3 24. hxg3 Rhc8 25. Kg2 Nc6 26. R4d2 b5 27. f4
gxf4 28. gxf4 Rg8+ 29. Kf2 b4 30. axb4 Nxb4 31. Bf3 Ng4+ 32. Bxg4 Rxg4 33. Kf3
Rg8 34. e5 Rb8 35. Ra1 Rbb7 36. Ra4 Rc5 37. Ke3 Nc6 38. Nd1 Nb4 39. c3 Nd5+ 40.
Kf3 Rc6 41. Ne3 Nxe3 42. Kxe3 Rb5 43. Ra1 a5 44. Rad1 Rc7 45. Ra1 Rcb7 46. Ra4
Rxb2 47. Rxb2 Rxb2 48. Rxa5 Rc2 49. Kd3 Rf2 50. Ke3 Rc2 51. Kd3 Rf2 52. Kd4 1/2-1/2

[Event "SportAccord Blitz Women 2012"]
[Site "Beijing CHN"]
[Date "2012.12.16"]
[Round "3.8"]
[White "Zatonskih, Anna"]
[Black "Hou, Yifan"]
[Result "0-1"]
[WhiteTitle "IM"]
[BlackTitle "GM"]
[WhiteElo "2489"]
[BlackElo "2606"]
[WhiteFideId "14101572"]
[BlackFideId "8602980"]
[EventDate "2012.12.16"]

1. e4 c5 2. d3 Nc6 3. g3 g6 4. Bg2 Bg7 5. f4 d6 6. Nf3 Nf6 7. O-O O-O 8. h3 Rb8
9. a4 a6 10. g4 b5 11. axb5 axb5 12. c3 Nd7 13. Be3 b4 14. d4 cxd4 15. cxd4 Qb6
16. Bf2 Qd8 17. Nbd2 e5 18. d5 Na5 19. f5 Ba6 20. Re1 Bb5 21. Nb3 Nb7 22. Qd2
Bc4 23. Qxb4 Bxb3 24. Qxb3 Nbc5 25. Qc3 Qb6 26. Rab1 Qb4 27. Nd2 Bh6 28. Nc4
Qxc3 29. bxc3 Nd3 30. Red1 Rxb1 31. Rxb1 Rc8 32. Bf1 Rxc4 33. Bxd3 Rxc3 34. Be2
Rxh3 35. Rb7 Nf8 36. Rb6 Be3 37. Kg2 Bxb6 38. Bxb6 Rb3 0-1

[Event "SportAccord Blitz Women 2012"]
[Site "Beijing CHN"]
[Date "2012.12.16"]
[Round "4.1"]
[White "Zhao, Xue"]
[Black "Hou, Yifan"]
[Result "1/2-1/2"]
[WhiteTitle "GM"]
[BlackTitle "GM"]
[WhiteElo "2565"]
[BlackElo "2606"]
[WhiteFideId "8601283"]
[BlackFideId "8602980"]
[EventDate "2012.12.16"]

1. Nf3 c5 2. c4 Nf6 3. g3 b6 4. Bg2 Bb7 5. O-O e6 6. b3 Be7 7. Bb2 O-O 8. d3 d5
9. cxd5 Nxd5 10. Nbd2 Nc6 11. a3 Bf6 12. Qc2 Rc8 13. Ne4 Be7 14. Qd2 h6 15. Rac1
Na5 16. Qc2 Nc6 17. Qb1 f5 18. Ned2 Bf6 19. Nc4 Nd4 20. e4 Nxf3+ 21. Bxf3 fxe4
22. Bxe4 Qe7 23. Ne5 Qc7 24. Qa1 Ne7 25. b4 Bxe4 26. dxe4 Qb7 27. Qa2 Qxe4 28.
Qxe6+ Kh7 29. bxc5 Rxc5 30. Rce1 Qf5 31. Qxf5+ Nxf5 32. Nd7 Bxb2 33. Nxf8+ Kg8
34. Ne6 Rc2 35. Rd1 Bxa3 36. Rd7 a5 37. Rfd1 Ne7 38. Rb7 Kf7 39. Nd8+ Ke8 40.
Ne6 Kf7 41. Nd8+ Ke8 42. Rxb6 Bc5 43. Rb8 Bxf2+ 44. Kh1 Nc8 45. Ne6 Kf7 46. Nf4
Ne7 47. Rf1 Bc5 48. Nd3+ Ke6 49. Nxc5+ Rxc5 50. Rb7 Nf5 51. Re1+ Kf6 52. Ra7 Nd4
53. Rf1+ Kg6 54. Rd1 Nf5 55. Ra6+ Kh7 56. Ra1 Ne3 57. R6xa5 Rc2 58. R5a2 Rc4 59.
Re2 Nf5 60. Rf1 Nd6 61. Re7 Rd4 62. Rd7 h5 63. Re1 Nf5 64. Rxd4 Nxd4 65. Re5 g6
66. Kg2 Kg7 67. Ra5 Kf6 68. Kf2 Nf5 69. Kf3 Nd4+ 70. Ke4 Nf5 71. Kf4 Nd4 72.
Ra6+ Kg7 73. Ke4 Nf5 74. Ke5 Ne3 75. Kf4 Nf1 76. Kg5 Nxh2 77. Rxg6+ Kf7 78. Kxh5
Nf3 79. Ra6 Ne5 80. Kg5 Nf3+ 81. Kf4 Nd4 82. Ke4 Ne6 83. Ke5 Nc5 84. Kf5 Nxa6
85. Ke4 1/2-1/2

[Event "SportAccord Blitz Women 2012"]
[Site "Beijing CHN"]
[Date "2012.12.16"]
[Round "4.3"]
[White "Danielian, Elina"]
[Black "Khotenashvili, Bela"]
[Result "1-0"]
[WhiteTitle "GM"]
[BlackTitle "IM"]
[WhiteElo "2476"]
[BlackElo "2504"]
[WhiteFideId "13300210"]
[BlackFideId "13602640"]
[EventDate "2012.12.16"]

1. Nf3 d5 2. c4 c6 3. e3 Nf6 4. Nc3 g6 5. b3 Bg7 6. Bb2 O-O 7. Be2 Ne4 8. Qc2
Bf5 9. d3 Nc5 10. Rd1 Nba6 11. a3 dxc4 12. bxc4 Qb6 13. O-O Rfd8 14. h3 Bxd3 15.
Bxd3 Rxd3 16. Rxd3 Nxd3 17. Na4 Qa5 18. Bxg7 Kxg7 19. Qxd3 Qxa4 20. Rb1 b6 21.
Ng5 Nc5 22. Qd4+ f6 23. Ne4 Qxa3 24. Ra1 Qb4 25. Ng3 a5 26. Qg4 Rd8 27. Nf5+ Kf7
28. Nd4 Qxc4 29. Qh4 Kg7 30. Nf5+ gxf5 31. Qxc4 Rd5 32. Rb1 b5 33. Qc3 b4 34.
Qa1 Nd3 35. Qa2 f4 36. e4 Rc5 37. Qe2 Ne5 38. Qd2 f3 39. g3 Rc3 40. Ra1 Rd3 41.
Qc2 b3 42. Qb2 c5 43. Rxa5 c4 44. Rd5 Rxd5 45. exd5 Nd3 46. Qc3 b2 47. Qc2 Kf7
48. Kf1 Ke8 49. Qa4+ Kd8 50. Qb5 f5 51. g4 fxg4 52. hxg4 h6 53. Kg1 e6 54. Qb6+
Kd7 55. Qxe6+ Kd8 56. Qb6+ Kd7 57. Kh2 c3 58. Qb5+ Kd6 59. Qxd3 1-0

[Event "SportAccord Blitz Women 2012"]
[Site "Beijing CHN"]
[Date "2012.12.16"]
[Round "4.6"]
[White "Socko, Monika"]
[Black "Lahno, Kateryna"]
[Result "0-1"]
[WhiteTitle "GM"]
[BlackTitle "GM"]
[WhiteElo "2445"]
[BlackElo "2553"]
[WhiteFideId "1106619"]
[BlackFideId "14109336"]
[EventDate "2012.12.16"]

1. d4 Nf6 2. c4 g6 3. Nc3 d5 4. Bf4 Bg7 5. Nf3 O-O 6. Rc1 c6 7. e3 Bg4 8. h3
Bxf3 9. Qxf3 Qb6 10. Rc2 Qa5 11. Bd3 Nbd7 12. O-O dxc4 13. Bxc4 e5 14. dxe5 Nxe5
15. Bxe5 Qxe5 16. Rd1 Rfd8 17. Rcd2 Qe7 18. a3 Rxd2 19. Rxd2 Rd8 20. Qd1 Rxd2
21. Qxd2 Nd7 22. Qc2 Ne5 23. Qb3 Nxc4 24. Qxc4 Qd7 25. Ne4 Bxb2 26. g4 Bg7 27.
Nc5 Qd1+ 28. Kg2 b6 29. Nd3 h5 30. Qe4 hxg4 31. hxg4 Qb3 32. a4 Qe6 33. Qf3 Qc4
34. Nf4 Qxa4 35. Qe2 Qe4+ 36. f3 Qe5 37. Qa6 Qxe3 38. Qc8+ Kh7 39. Nh3 Be5 40.
Qd7 Kg7 41. Qxc6 Qe2+ 42. Nf2 Bd4 0-1

[Event "SportAccord Blitz Women 2012"]
[Site "Beijing CHN"]
[Date "2012.12.16"]
[Round "4.7"]
[White "Koneru, Humpy"]
[Black "Cramling, Pia"]
[Result "1-0"]
[WhiteTitle "GM"]
[BlackTitle "GM"]
[WhiteElo "2610"]
[BlackElo "2516"]
[WhiteFideId "5008123"]
[BlackFideId "1700030"]
[EventDate "2012.12.16"]

1. d4 d5 2. c4 e6 3. Nf3 Nf6 4. Nc3 dxc4 5. e4 Bb4 6. Bg5 h6 7. Bxf6 Qxf6 8.
Bxc4 c5 9. e5 Qd8 10. O-O cxd4 11. Nxd4 O-O 12. Rc1 a6 13. Qg4 Qg5 14. Qxg5 hxg5
15. Ne4 Be7 16. Nd6 b5 17. Bb3 Bd7 18. Rc7 Bd8 19. Rc2 Bb6 20. Nf3 g4 21. Ng5
Nc6 22. Re1 Nd4 23. Rcc1 Nxb3 24. axb3 Ra7 25. h3 gxh3 26. gxh3 Rc7 27. Kg2 a5
28. Kg3 f6 29. exf6 gxf6 30. Nge4 e5 31. h4 Rxc1 32. Rxc1 f5 33. Nc5 f4+ 34. Kh2
Rc8 35. Nxc8 Bxc8 36. Nd3 Bf5 37. Nxe5 Bxf2 38. Kg2 Bxh4 39. Rc5 a4 40. Rxb5
axb3 41. Rxb3 Bf6 42. Nf3 Kg7 43. Rb4 Bg6 44. b3 Bf7 45. Kf2 Be7 46. Rb7 Bc5+
47. Ke2 Kf6 48. b4 Be3 49. Rc7 Bd5 50. b5 Bb6 1-0